India's Neighbors - Multiple Choice - Statistics

General Stats
  • This quiz has been taken 16 times
    9 since last reset
  • The average score is 6 of 16
Answer Stats
Question Answer % Correct
Most prominent trading partner China
86%
Most heavily guarded border Pakistan
86%
2 hour drive away from Kolkata Bangladesh
57%
Shortest border Bhutan
57%
Most populous China
57%
Least populous Bhutan
43%
Part of the Sino-Indian Border Dispute China
43%
Farthest from New Delhi Myanmar
43%
Borders the Indian state of Nagaland Myanmar
29%
Most affected by the 2004 Indian Ocean tsunami Myanmar
29%
Most recently adopted flag design Myanmar
29%
Longest border Bangladesh
14%
Most native speakers of this neighbor's language Bangladesh
14%
Closest to New Delhi Nepal
14%
Shares a dominant religion Nepal
14%
Has no ongoing border disputes Bangladesh
0%
No matching quizzes found
Score Distribution
Percent of People with Each Score
Percentile by Number Answered
Your Score History
You have not taken this quiz since the last reset